000
00306nam a2200121Ia 4500
005
20251222154426.0
008
251222s9999||||xx |||||||||||||| ||spa||
020
_a
978-612-302-102-3
082
_a
657.1/Z32
100
_a
"Zans Arimana, Walter"
245
0
_a
Plan contable general empresarial
942
_c
LIB
999
_c
36237
_d
36237